000 00964nam a2200193 a 4500
001 27591
005 20180713230322.0
008 140415s1987 000 0 spa d
020 _a9686034862
041 _aspa
082 _a344.7201
_bBOL
100 1 _aANDRADE SÁNCHEZ, EDUARDO
245 1 0 _aANALSIS PRACTICO Y JURISPRUDENCIA DEL DERECHO DEL TRABAJO.
250 _a1a ed.
260 _a[s.l.] :
_bSISTA,
_c1987
300 _a945
_c16 x 7 x 24
500 _aEL LIBRO CONTIENE ESPACIO PARA NOTAS.
520 _aAL DERECHO DEL TRABAJO PODEMOS DEFINIRLO COMO EL CONUNTO DE DISPOSICIONES PRINCIPIOS INSTITUCIONALES Y NORMAS LEGALES, SUSTANTIVAS Y ADJETIVAS, DESTINADAS A REGULAR, LOS ACTOS OBLIGACIONES Y DERECHOS ASI COMO LAS RELACIONES Y LOS CONFLICTOS OBRERO PATRONALES, LOS ORGANOS JURISDICIONALES Y LAS DEPENDENCIAS ADMINISTRATIVAS DE TRABAJO, LOS ORGANISMOS DE CLASE , OBREROS Y PATRONALES, SUS CRACTERISTICAS, REQUSITOS Y PERSONALIDAD.
999 _c27591
_d27591